[Event "Lasker B 2018"]
[Site "?"]
[Date "2018.07.05"]
[Round "3.1"]
[White "Gabka, Pawel"]
[Black "Raczykowska, Paulina"]
[Result "1/2-1/2"]
[BlackElo "1857"]
[WhiteElo "1989"]
[LiveChessVersion "1.4.8"]

1. d4 {[%clk 1:30:50]} Nf6 {[%clk 1:30:46]} 2. c4 {[%clk 1:31:06]} e6
{[%clk 1:31:12]} 3. Nf3 {[%clk 1:31:11]} Bb4+ {[%clk 1:31:13]} 4. Bd2
{[%clk 1:31:13]} Qe7 {[%clk 1:30:14]} 5. a3 {[%clk 1:30:01]} Bxd2+
{[%clk 1:29:49]} 6. Nbxd2 {[%clk 1:28:30]} d6 {[%clk 1:29:16]} 7. g3
{[%clk 1:25:13]} b6 {[%clk 1:22:20]} 8. Bg2 {[%clk 1:24:17]} Bb7 {[%clk 1:22:18]}
9. O-O {[%clk 1:21:44]} Nbd7 {[%clk 1:21:30]} 10. Qc2 {[%clk 1:20:05]} c5
{[%clk 1:15:49]} 11. e3 {[%clk 1:11:47]} O-O {[%clk 1:13:40]} 12. b4
{[%clk 1:06:19]} cxd4 {[%clk 1:04:42]} 13. exd4 {[%clk 1:06:24]} Rac8
{[%clk 1:01:54]} 14. Rfe1 {[%clk 1:04:54]} Rfe8 {[%clk 0:58:45]} 15. d5
{[%clk 0:58:44]} Bxd5 {[%clk 0:44:25]} 16. Qd3 {[%clk 0:58:49]} Bb7
{[%clk 0:40:08]} 17. Nd4 {[%clk 0:58:41]} Ne5 {[%clk 0:36:40]} 18. Qe2
{[%clk 0:53:54]} Bxg2 {[%clk 0:29:42]} 19. Kxg2 {[%clk 0:53:39]} Qb7+
{[%clk 0:29:52]} 20. Kg1 {[%clk 0:54:06]} Ng6 {[%clk 0:21:55]} 21. h4
{[%clk 0:45:22]} h6 {[%clk 0:20:23]} 22. h5 {[%clk 0:34:12]} Ne5 {[%clk 0:19:59]}
23. Nb5 {[%clk 0:34:11]} Red8 {[%clk 0:17:06]} 24. Rad1 {[%clk 0:33:29]} Nc6
{[%clk 0:04:00]} 25. Ne4 {[%clk 0:33:19]} Ne7 1/2-1/2

[Event "Lasker B 2018"]
[Site "?"]
[Date "2018.07.05"]
[Round "2.9"]
[White "Gigola, Jacek"]
[Black "Gniado, Radoslaw"]
[Result "1-0"]
[BlackElo "1805"]
[WhiteElo "1881"]
[LiveChessVersion "1.4.8"]

1. d4 {[%clk 1:30:59]} Nf6 {[%clk 1:30:53]} 2. Nf3 {[%clk 1:31:20]} g6
{[%clk 1:31:14]} 3. Nc3 {[%clk 1:31:25]} Bg7 {[%clk 1:31:11]} 4. e4
{[%clk 1:31:44]} d6 {[%clk 1:31:20]} 5. Bc4 {[%clk 1:32:01]} O-O {[%clk 1:30:51]}
6. O-O {[%clk 1:32:18]} Nxe4 {[%clk 1:23:57]} 7. Nxe4 {[%clk 1:31:50]} d5
{[%clk 1:24:17]} 8. Bd3 {[%clk 1:32:01]} dxe4 {[%clk 1:24:04]} 9. Bxe4
{[%clk 1:32:27]} c6 {[%clk 1:23:41]} 10. c3 {[%clk 1:32:24]} Nd7 {[%clk 1:20:22]}
11. Bf4 {[%clk 1:26:19]} Nf6 {[%clk 1:15:05]} 12. Bc2 {[%clk 1:26:27]} Qb6
{[%clk 1:13:20]} 13. Rb1 {[%clk 1:23:07]} Qa5 {[%clk 0:58:04]} 14. Bb3
{[%clk 0:55:18]} Bf5 {[%clk 0:52:40]} 15. Ra1 {[%clk 0:53:25]} Bg4
{[%clk 0:42:49]} 16. h3 {[%clk 0:49:42]} Bxf3 {[%clk 0:42:32]} 17. Qxf3
{[%clk 0:49:58]} Rad8 {[%clk 0:42:02]} 18. Rfe1 {[%clk 0:48:07]} e6
{[%clk 0:41:29]} 19. Be5 {[%clk 0:34:31]} Nd5 {[%clk 0:35:47]} 20. Qg3
{[%clk 0:28:01]} Rd7 {[%clk 0:30:06]} 21. h4 {[%clk 0:26:25]} Rfd8
{[%clk 0:26:31]} 22. Bxg7 {[%clk 0:15:02]} Kxg7 {[%clk 0:26:52]} 23. Re5
{[%clk 0:09:46]} Qb6 {[%clk 0:23:33]} 24. Rae1 {[%clk 0:09:14]} a5
{[%clk 0:23:07]} 25. h5 {[%clk 0:05:25]} Ne7 {[%clk 0:13:54]} 26. Qh4
{[%clk 0:03:57]} Ng8 {[%clk 0:08:18]} 27. R1e3 {[%clk 0:04:04]} a4
{[%clk 0:08:12]} 28. hxg6 {[%clk 0:03:55]} hxg6 {[%clk 0:08:18]} 29. Bxe6
{[%clk 0:02:45]} fxe6 {[%clk 0:07:46]} 30. Rxe6 {[%clk 0:02:30]} Qxb2
{[%clk 0:05:03]} 31. Rh3 {[%clk 0:01:17]} Qb1+ {[%clk 0:02:00]} 32. Kh2
{[%clk 0:01:45]} Kf7 {[%clk 0:02:18]} 33. Re5 {[%clk 0:00:56]} Nf6
{[%clk 0:02:30]} 34. Rf3 {[%clk 0:01:13]} Rd6 {[%clk 0:02:29]} 35. Qh7+
{[%clk 0:01:30]} Kf8 {[%clk 0:02:18]} 36. Re7 {[%clk 0:01:13]} 1-0

[Event "Lasker B 2018"]
[Site "?"]
[Date "2018.07.05"]
[Round "2.8"]
[White "Dzida, Kamil"]
[Black "Lewandowski, Witold"]
[Result "1-0"]
[BlackElo "1444"]
[WhiteElo "1854"]
[LiveChessVersion "1.4.8"]

1. Nf3 {[%clk 1:30:56]} f5 {[%clk 1:30:48]} 2. d4 {[%clk 1:31:09]} Nf6
{[%clk 1:31:09]} 3. c4 {[%clk 1:31:27]} g6 {[%clk 1:31:31]} 4. g3
{[%clk 1:31:32]} Bg7 {[%clk 1:31:55]} 5. Bg2 {[%clk 1:31:58]} O-O
{[%clk 1:32:06]} 6. Nc3 {[%clk 1:32:21]} d6 {[%clk 1:32:09]} 7. O-O
{[%clk 1:32:10]} c6 {[%clk 1:32:02]} 8. b3 {[%clk 1:30:41]} Nbd7 {[%clk 1:28:01]}
9. Bb2 {[%clk 1:22:16]} e5 {[%clk 1:24:41]} 10. dxe5 {[%clk 1:21:20]} dxe5
{[%clk 1:25:00]} 11. e4 {[%clk 1:13:56]} f4 {[%clk 1:19:12]} 12. b4
{[%clk 1:12:35]} Qe8 {[%clk 1:14:41]} 13. Bh3 {[%clk 1:07:12]} h6 14. Qb3 g5 15.
Bf5 g4 16. c5+ Kh8 17. Nh4 Rg8 18. Ng6+ Kh7 19. Nxe5+ Kh8 20. Ng6+ Kh7 21. Nxf4+
Kh8 22. Ng6+ Kh7 23. Ne5+ Kh8 24. Nf7+ 1-0

[Event "Lasker B 2018"]
[Site "?"]
[Date "2018.07.05"]
[Round "2.7"]
[White "Kugler, Pawel"]
[Black "Reinecke, Katharina"]
[Result "0-1"]
[BlackElo "1857"]
[WhiteElo "1575"]
[LiveChessVersion "1.4.8"]

1. b3 {[%clk 1:30:58]} d5 {[%clk 1:29:43]} 2. Bb2 {[%clk 1:31:26]} Nf6
{[%clk 1:29:31]} 3. e3 {[%clk 1:31:55]} e6 {[%clk 1:27:35]} 4. c4
{[%clk 1:32:17]} c6 {[%clk 1:25:24]} 5. cxd5 {[%clk 1:32:44]} cxd5
{[%clk 1:23:45]} 6. Nf3 {[%clk 1:32:27]} Nc6 {[%clk 1:21:54]} 7. Be2
{[%clk 1:32:47]} Be7 {[%clk 1:20:09]} 8. d3 {[%clk 1:32:55]} O-O {[%clk 1:18:23]}
9. Nbd2 {[%clk 1:33:24]} b6 {[%clk 1:13:13]} 10. a3 {[%clk 1:33:36]} Bb7
{[%clk 1:12:40]} 11. O-O {[%clk 1:33:30]} Rc8 {[%clk 1:12:06]} 12. b4
{[%clk 1:32:08]} Re8 {[%clk 1:07:35]} 13. Nb3 {[%clk 1:32:35]} Bf8
{[%clk 1:05:42]} 14. b5 {[%clk 1:32:51]} Nb8 {[%clk 1:03:25]} 15. Qd2
{[%clk 1:33:17]} Nbd7 {[%clk 1:02:38]} 16. Rac1 {[%clk 1:33:11]} Nc5
{[%clk 1:01:13]} 17. Nxc5 {[%clk 1:33:25]} bxc5 {[%clk 1:00:03]} 18. a4
{[%clk 1:33:26]} Bd6 {[%clk 0:58:07]} 19. Ne5 {[%clk 1:31:47]} Qb6
{[%clk 0:53:56]} 20. f4 {[%clk 1:32:06]} a6 {[%clk 0:52:19]} 21. bxa6
{[%clk 1:30:55]} Bxa6 {[%clk 0:51:27]} 22. g4 {[%clk 1:28:59]} Rb8
{[%clk 0:45:46]} 23. Ba1 {[%clk 1:28:01]} Re7 {[%clk 0:40:58]} 24. g5
{[%clk 1:28:24]} Nd7 {[%clk 0:38:49]} 25. Nxd7 {[%clk 1:27:45]} Rxd7
{[%clk 0:39:07]} 26. Qc3 {[%clk 1:28:13]} Bf8 {[%clk 0:38:55]} 27. Qe1
{[%clk 1:21:38]} c4 {[%clk 0:25:36]} 28. d4 {[%clk 1:21:59]} Qb3 {[%clk 0:24:20]}
29. Bd1 {[%clk 1:22:01]} Qa3 {[%clk 0:20:52]} 30. Rc3 {[%clk 1:21:39]} Qxa1
{[%clk 0:20:35]} 31. Rc2 {[%clk 1:16:56]} Rb1 {[%clk 0:20:01]} 32. Qe2
{[%clk 1:16:52]} Rdb7 {[%clk 0:18:30]} 33. Ra2 {[%clk 1:15:36]} Qc3
{[%clk 0:18:46]} 34. Rc2 {[%clk 1:15:00]} Qd3 {[%clk 0:17:43]} 35. Qf3
{[%clk 1:15:24]} c3 {[%clk 0:15:53]} 36. Ra2 {[%clk 1:13:35]} Qxf1+
{[%clk 0:16:06]} 0-1

[Event "Lasker B 2018"]
[Site "?"]
[Date "2018.07.05"]
[Round "2.6"]
[White "Raczykowska, Paulina"]
[Black "Bola, Zygmunt"]
[Result "1-0"]
[BlackElo "1703"]
[WhiteElo "1857"]
[LiveChessVersion "1.4.8"]

1. e4 {[%clk 1:30:57]} d5 {[%clk 1:30:42]} 2. exd5 {[%clk 1:31:19]} Qxd5
{[%clk 1:31:02]} 3. Nf3 {[%clk 1:31:39]} c6 {[%clk 1:31:26]} 4. d4
{[%clk 1:30:57]} Bg4 {[%clk 1:31:44]} 5. Be2 {[%clk 1:30:38]} Bxf3
{[%clk 1:31:21]} 6. Bxf3 {[%clk 1:30:22]} Qa5+ {[%clk 1:31:21]} 7. Nd2
{[%clk 1:24:44]} Nf6 {[%clk 1:31:09]} 8. O-O {[%clk 1:24:19]} e6 {[%clk 1:31:24]}
9. c4 {[%clk 1:18:08]} Qc7 {[%clk 1:30:20]} 10. a3 {[%clk 1:10:25]} Be7
{[%clk 1:29:50]} 11. Nb1 {[%clk 1:07:12]} O-O {[%clk 1:29:42]} 12. Be3
{[%clk 1:03:04]} Nbd7 {[%clk 1:25:07]} 13. Nc3 {[%clk 1:01:36]} a6
{[%clk 1:25:07]} 14. Qe2 {[%clk 0:53:59]} Rfe8 {[%clk 1:25:14]} 15. b4
{[%clk 0:51:44]} Rad8 {[%clk 1:24:42]} 16. g3 {[%clk 0:44:53]} Nf8
{[%clk 1:17:35]} 17. Rab1 {[%clk 0:42:03]} Ng6 {[%clk 1:17:18]} 18. a4
{[%clk 0:39:39]} e5 {[%clk 1:16:25]} 19. d5 {[%clk 0:35:35]} cxd5
{[%clk 1:16:21]} 20. Nxd5 {[%clk 0:30:21]} Nxd5 {[%clk 1:16:22]} 21. Bxd5
{[%clk 0:30:34]} b6 {[%clk 1:14:31]} 22. Qf3 {[%clk 0:27:22]} Bf6
{[%clk 1:12:32]} 23. a5 {[%clk 0:22:32]} bxa5 {[%clk 1:11:13]} 24. bxa5
{[%clk 0:22:45]} Rb8 {[%clk 1:10:12]} 25. Bb6 {[%clk 0:21:05]} Qe7
{[%clk 1:10:00]} 26. Rfe1 {[%clk 0:18:52]} Nf8 {[%clk 1:01:49]} 27. c5
{[%clk 0:15:53]} Ne6 {[%clk 1:01:54]} 28. c6 {[%clk 0:08:59]} Nc7
{[%clk 1:01:44]} 29. Be4 {[%clk 0:08:15]} g6 {[%clk 1:01:57]} 30. Qe2
{[%clk 0:04:47]} Ra8 {[%clk 1:01:44]} 31. Red1 {[%clk 0:04:49]} Red8
{[%clk 0:59:01]} 32. Rd7 {[%clk 0:04:22]} Rxd7 {[%clk 0:59:20]} 33. cxd7
{[%clk 0:04:46]} Rb8 {[%clk 0:58:44]} 34. Bxc7 {[%clk 0:04:42]} Rxb1+
{[%clk 0:59:12]} 35. Bxb1 {[%clk 0:05:02]} Qxd7 {[%clk 0:59:15]} 36. Bb6
{[%clk 0:05:05]} Qc8 {[%clk 0:59:09]} 37. Bd3 {[%clk 0:05:17]} Qc1+
{[%clk 0:59:05]} 38. Qf1 {[%clk 0:04:08]} Qc6 {[%clk 0:59:22]} 39. Bxa6
{[%clk 0:04:20]} e4 {[%clk 0:59:26]} 40. Qb5 {[%clk 0:03:11]} Qc1+
{[%clk 0:59:12]} 41. Kg2 {[%clk 0:03:35]} Qd1 {[%clk 0:59:05]} 42. Qe8+
{[%clk 0:03:10]} Kg7 {[%clk 0:59:26]} 43. Qxe4 {[%clk 0:03:29]} Qd6
{[%clk 0:59:14]} 44. Bb7 {[%clk 0:02:39]} h5 {[%clk 0:59:08]} 45. Qc6
{[%clk 0:02:45]} Qb4 {[%clk 0:59:25]} 46. a6 {[%clk 0:02:21]} h4 {[%clk 0:59:30]}
47. a7 {[%clk 0:01:51]} Qg4 {[%clk 0:59:57]} 48. h3 {[%clk 0:01:32]} Qg5
{[%clk 1:00:18]} 49. a8=Q {[%clk 0:01:26]} hxg3 {[%clk 1:00:30]} 50. fxg3
{[%clk 0:01:32]} Qd2+ {[%clk 1:00:09]} 51. Bf2 {[%clk 0:01:51]} Bd4 52. Qf3
{[%clk 0:01:52]} Bf6 {[%clk 0:59:12]} 53. Bd5 {[%clk 0:01:48]} Qb4
{[%clk 0:59:09]} 54. Qe8 {[%clk 0:02:02]} 1-0

[Event "Lasker B 2018"]
[Site "?"]
[Date "2018.07.05"]
[Round "2.5"]
[White "Krzyszewski, Tomasz"]
[Black "Czechowski, Jakub"]
[Result "0-1"]
[BlackElo "1880"]
[WhiteElo "1704"]
[LiveChessVersion "1.4.8"]

1. e4 {[%clk 1:30:56]} c5 {[%clk 1:30:54]} 2. Nf3 {[%clk 1:31:09]} d6
{[%clk 1:31:23]} 3. d4 {[%clk 1:31:16]} cxd4 {[%clk 1:31:42]} 4. Nxd4
{[%clk 1:31:40]} Nf6 {[%clk 1:32:06]} 5. Nc3 {[%clk 1:32:02]} a6 {[%clk 1:32:16]}
6. f3 {[%clk 1:31:38]} e6 {[%clk 1:32:17]} 7. Be3 {[%clk 1:30:29]} Nbd7
{[%clk 1:32:21]} 8. Qd2 {[%clk 1:30:17]} b5 {[%clk 1:32:44]} 9. g4
{[%clk 1:28:18]} Nb6 {[%clk 1:32:29]} 10. O-O-O {[%clk 1:20:31]} Bb7
{[%clk 1:32:58]} 11. h4 {[%clk 1:17:20]} Rc8 {[%clk 1:32:46]} 12. Qf2
{[%clk 1:10:19]} Rxc3 {[%clk 1:32:40]} 13. bxc3 {[%clk 1:09:12]} Na4
{[%clk 1:33:06]} 14. Nxb5 {[%clk 1:06:34]} Qa5 {[%clk 1:29:12]} 15. Nxd6+
{[%clk 1:02:07]} Bxd6 {[%clk 1:29:35]} 16. Rxd6 {[%clk 1:01:56]} Nxc3
{[%clk 1:28:16]} 17. Rb6 Qa3+ 18. Rb2 Nxa2+ 19. Kb1 Nc3+ 20. Kc1 Qa1+ 21. Kd2
Qxb2 22. Bd4 Ncxe4+ 23. fxe4 Nxe4+ 0-1

[Event "Lasker B 2018"]
[Site "?"]
[Date "2018.07.05"]
[Round "2.4"]
[White "Nadstoga, Wojciech"]
[Black "Mielke, Torsten"]
[Result "1-0"]
[BlackElo "1716"]
[WhiteElo "1933"]
[LiveChessVersion "1.4.8"]

1. Nf3 {[%clk 1:30:59]} Nf6 {[%clk 1:30:47]} 2. g3 {[%clk 1:31:23]} d6
{[%clk 1:31:00]} 3. Bg2 {[%clk 1:31:47]} e5 {[%clk 1:31:20]} 4. d3
{[%clk 1:32:12]} Be7 {[%clk 1:31:19]} 5. O-O {[%clk 1:32:05]} O-O
{[%clk 1:31:32]} 6. h3 {[%clk 1:31:56]} Nc6 {[%clk 1:31:43]} 7. c3
{[%clk 1:32:11]} Bd7 {[%clk 1:31:50]} 8. b4 {[%clk 1:27:36]} Qc8 {[%clk 1:31:40]}
9. Kh2 {[%clk 1:28:00]} h6 {[%clk 1:31:30]} 10. Bb2 {[%clk 1:26:20]} Nh7
{[%clk 1:30:56]} 11. e4 {[%clk 1:25:47]} f5 {[%clk 1:29:50]} 12. Nbd2
{[%clk 1:25:50]} f4 {[%clk 1:27:40]} 13. Qe2 {[%clk 1:23:05]} g5 {[%clk 1:24:18]}
14. d4 {[%clk 1:08:26]} g4 {[%clk 1:19:22]} 15. Qc4+ {[%clk 0:59:37]} Kg7
{[%clk 1:18:54]} 16. hxg4 {[%clk 0:59:58]} Bxg4 {[%clk 1:19:00]} 17. b5
{[%clk 0:58:21]} Nd8 {[%clk 1:15:51]} 18. dxe5 {[%clk 0:58:31]} Be6
{[%clk 1:14:54]} 19. Qd3 {[%clk 0:49:07]} dxe5 {[%clk 1:11:20]} 20. Nxe5
{[%clk 0:49:01]} Bf6 {[%clk 1:08:39]} 21. gxf4 {[%clk 0:48:28]} Bxe5
{[%clk 1:08:45]} 22. fxe5 {[%clk 0:48:56]} Nf7 {[%clk 1:06:39]} 23. f4
{[%clk 0:49:06]} Qe8 24. f5 {[%clk 0:46:56]} Nhg5 {[%clk 1:02:23]} 25. fxe6
{[%clk 0:40:47]} Qxe6 {[%clk 1:02:34]} 26. Qg3 {[%clk 0:33:57]} Rad8
{[%clk 1:02:27]} 27. Nf3 {[%clk 0:27:18]} Qg6 {[%clk 0:59:37]} 28. c4
{[%clk 0:25:44]} Kh7 {[%clk 0:59:03]} 29. e6 {[%clk 0:14:06]} Qxe6
{[%clk 0:58:41]} 30. Nxg5+ {[%clk 0:14:26]} Nxg5 {[%clk 0:58:47]} 31. Qe5
{[%clk 0:13:45]} Qg6 {[%clk 0:55:07]} 32. Qe7+ {[%clk 0:11:17]} Kg8
{[%clk 0:53:22]} 33. e5 {[%clk 0:04:43]} Qh5+ {[%clk 0:50:19]} 34. Kg1
{[%clk 0:04:21]} Qg4 {[%clk 0:49:26]} 35. Rf6 {[%clk 0:01:59]} Rd1+
{[%clk 0:44:59]} 36. Rxd1 {[%clk 0:02:19]} Qxd1+ {[%clk 0:45:24]} 37. Kh2
{[%clk 0:02:13]} Qh5+ {[%clk 0:44:06]} 38. Kg3 {[%clk 0:02:33]} Re8
{[%clk 0:38:10]} 39. Bd5+ {[%clk 0:02:25]} Kh8 {[%clk 0:38:22]} 40. Rf8+
{[%clk 0:02:52]} 1-0

[Event "Lasker B 2018"]
[Site "?"]
[Date "2018.07.05"]
[Round "2.1"]
[White "Przysiecki, Kajetan"]
[Black "Gabka, Pawel"]
[Result "0-1"]
[BlackElo "1989"]
[WhiteElo "1771"]
[LiveChessVersion "1.4.8"]

1. d4 {[%clk 1:30:58]} Nf6 {[%clk 1:30:32]} 2. c4 {[%clk 1:31:20]} e6
{[%clk 1:30:37]} 3. Nf3 {[%clk 1:31:39]} d5 {[%clk 1:30:40]} 4. e3
{[%clk 1:31:52]} Be7 {[%clk 1:29:03]} 5. Nc3 {[%clk 1:32:12]} O-O
{[%clk 1:25:01]} 6. Be2 {[%clk 1:31:57]} Nbd7 {[%clk 1:24:19]} 7. O-O
{[%clk 1:32:09]} c6 {[%clk 1:24:12]} 8. b3 {[%clk 1:32:04]} b6 {[%clk 1:19:30]}
9. cxd5 {[%clk 1:31:15]} exd5 {[%clk 1:18:57]} 10. Bb2 {[%clk 1:30:00]} Bb7
{[%clk 1:16:24]} 11. Rc1 {[%clk 1:30:04]} Rc8 {[%clk 1:15:38]} 12. Re1
{[%clk 1:28:44]} Re8 {[%clk 1:14:19]} 13. Nd2 {[%clk 1:27:43]} c5
{[%clk 1:12:45]} 14. Bf3 {[%clk 1:25:51]} cxd4 {[%clk 1:09:47]} 15. exd4
{[%clk 1:26:04]} Nf8 {[%clk 1:08:35]} 16. Nf1 {[%clk 1:22:37]} Ne6
{[%clk 0:55:20]} 17. g3 {[%clk 1:18:36]} Qd7 {[%clk 0:55:10]} 18. h4
{[%clk 1:15:16]} g6 {[%clk 0:52:14]} 19. Bg2 {[%clk 1:12:45]} Bf8
{[%clk 0:48:58]} 20. Ne3 {[%clk 1:09:56]} Bg7 {[%clk 0:44:44]} 21. Bh3
{[%clk 1:03:29]} Rcd8 {[%clk 0:39:22]} 22. Ne2 {[%clk 1:02:23]} Qd6
{[%clk 0:38:40]} 23. Rc2 {[%clk 0:58:10]} Ne4 {[%clk 0:37:48]} 24. Ng4
{[%clk 0:54:26]} f5 {[%clk 0:34:01]} 25. Ne5 {[%clk 0:54:22]} Nxd4
{[%clk 0:33:44]} 26. Nxd4 {[%clk 0:51:17]} Bxe5 {[%clk 0:33:53]} 27. f4
{[%clk 0:49:12]} Bf6 {[%clk 0:27:47]} 28. Nb5 {[%clk 0:49:25]} Qf8
{[%clk 0:18:08]} 29. Bxf6 {[%clk 0:49:11]} Qxf6 {[%clk 0:18:14]} 30. Rc7
{[%clk 0:37:51]} Re7 {[%clk 0:18:19]} 31. Rxe7 {[%clk 0:31:17]} Qxe7
{[%clk 0:18:43]} 32. Nd4 {[%clk 0:31:20]} Qa3 {[%clk 0:17:09]} 33. Qe2
{[%clk 0:28:42]} Ba6 {[%clk 0:15:56]} 34. Qg2 {[%clk 0:28:01]} Rc8
{[%clk 0:16:04]} 35. Kh2 {[%clk 0:24:38]} Rc3 {[%clk 0:15:42]} 36. g4
{[%clk 0:20:17]} Qd6 {[%clk 0:09:52]} 37. Rf1 {[%clk 0:13:20]} Rd3
{[%clk 0:07:34]} 38. Ne2 {[%clk 0:12:25]} Rd2 {[%clk 0:07:40]} 39. Re1
{[%clk 0:12:14]} Bxe2 {[%clk 0:06:31]} 0-1

[Event "Lasker B 2018"]
[Site "?"]
[Date "2018.07.05"]
[Round "1.11"]
[White "Gniado, Radoslaw"]
[Black "Sulima, Franciszek"]
[Result "1/2-1/2"]
[BlackElo "1281"]
[WhiteElo "1805"]
[LiveChessVersion "1.4.8"]

1. d4 {[%clk 1:30:51]} Nf6 {[%clk 1:30:50]} 2. Nf3 {[%clk 1:31:12]} g6
{[%clk 1:30:54]} 3. Bf4 {[%clk 1:31:36]} Bg7 {[%clk 1:31:08]} 4. e3
{[%clk 1:31:55]} O-O {[%clk 1:29:19]} 5. Nbd2 {[%clk 1:31:27]} d6
{[%clk 1:28:27]} 6. Be2 {[%clk 1:30:16]} b6 {[%clk 1:26:13]} 7. h3
{[%clk 1:29:33]} Bb7 {[%clk 1:25:11]} 8. O-O {[%clk 1:28:48]} Nbd7
{[%clk 1:21:44]} 9. Rc1 {[%clk 1:24:47]} c5 {[%clk 1:18:22]} 10. c3
{[%clk 1:23:00]} Rc8 {[%clk 1:17:29]} 11. Re1 {[%clk 1:17:02]} Rc7
{[%clk 1:13:52]} 12. Bb5 {[%clk 1:14:20]} Qa8 {[%clk 1:11:24]} 13. Bf1
{[%clk 0:54:32]} a6 {[%clk 0:58:39]} 14. Bg3 {[%clk 0:47:36]} b5 {[%clk 0:54:27]}
15. a3 {[%clk 0:42:52]} Nb6 {[%clk 0:50:16]} 16. b3 {[%clk 0:34:54]} Rfc8
{[%clk 0:42:44]} 17. c4 {[%clk 0:31:23]} cxd4 {[%clk 0:40:00]} 18. exd4
{[%clk 0:30:13]} Ne4 {[%clk 0:32:07]} 19. Nxe4 {[%clk 0:27:40]} Bxe4
{[%clk 0:32:17]} 20. Nd2 {[%clk 0:23:57]} Bb7 {[%clk 0:31:12]} 21. Qg4
{[%clk 0:17:51]} Bh6 {[%clk 0:25:48]} 22. Bf4 {[%clk 0:17:13]} Bxf4
{[%clk 0:25:33]} 23. Qxf4 {[%clk 0:17:23]} Bd5 {[%clk 0:19:11]} 24. Rb1
{[%clk 0:13:54]} bxc4 {[%clk 0:16:42]} 25. bxc4 {[%clk 0:14:14]} Nxc4
{[%clk 0:17:02]} 26. Nxc4 {[%clk 0:14:21]} Bxc4 {[%clk 0:17:16]} 27. Bxc4
{[%clk 0:13:35]} Rxc4 {[%clk 0:17:34]} 28. Rxe7 {[%clk 0:13:16]} Qd5
{[%clk 0:16:40]} 29. Rd1 {[%clk 0:10:40]} R8c7 {[%clk 0:15:14]} 30. Re8+
{[%clk 0:10:05]} Kg7 {[%clk 0:15:05]} 31. Rd8 {[%clk 0:10:14]} R7c6
{[%clk 0:14:16]} 32. Rd7 {[%clk 0:08:40]} Qe6 {[%clk 0:11:35]} 33. Ra7
{[%clk 0:07:49]} d5 {[%clk 0:10:00]} 34. Rb1 Qf6 35. Qxf6+ Rxf6 36. Rbb7 1/2-1/2

[Event "Lasker B 2018"]
[Site "?"]
[Date "2018.07.05"]
[Round "1.10"]
[White "Siekanska, Maria"]
[Black "Dzida, Kamil"]
[Result "0-1"]
[BlackElo "1854"]
[WhiteElo "1306"]
[LiveChessVersion "1.4.8"]

1. d4 {[%clk 1:30:58]} Nf6 {[%clk 1:30:52]} 2. c4 {[%clk 1:31:23]} e6
{[%clk 1:31:14]} 3. Nc3 {[%clk 1:31:46]} Bb4 {[%clk 1:31:38]} 4. e3
{[%clk 1:32:07]} O-O {[%clk 1:31:52]} 5. Bd3 {[%clk 1:32:29]} d5 {[%clk 1:31:58]}
6. Nge2 {[%clk 1:32:33]} dxc4 {[%clk 1:30:54]} 7. Bxc4 {[%clk 1:32:44]} b6
{[%clk 1:29:16]} 8. O-O {[%clk 1:32:19]} Bb7 {[%clk 1:29:39]} 9. a3
{[%clk 1:29:18]} Bd6 {[%clk 1:28:32]} 10. b4 {[%clk 1:19:00]} Nbd7
{[%clk 1:24:47]} 11. Bb2 {[%clk 1:17:19]} Ng4 {[%clk 1:17:57]} 12. h3
{[%clk 1:12:38]} Nh2 {[%clk 1:18:00]} 13. d5 {[%clk 1:03:49]} Nxf1
{[%clk 1:15:57]} 14. dxe6 {[%clk 1:02:56]} Ne5 {[%clk 1:15:36]} 15. exf7+
{[%clk 1:00:44]} Kh8 {[%clk 1:15:58]} 16. Bd5 {[%clk 0:57:50]} Bxd5
{[%clk 1:12:23]} 17. Nxd5 {[%clk 0:57:56]} Nxe3 {[%clk 1:11:56]} 18. Nxe3
{[%clk 0:58:04]} Rxf7 {[%clk 1:12:02]} 19. Qd5 {[%clk 0:57:35]} c6
{[%clk 1:10:57]} 20. Qe4 {[%clk 0:55:49]} Qf6 {[%clk 1:06:57]} 21. Rf1
{[%clk 0:51:30]} Qg6 {[%clk 1:04:34]} 22. Qxg6 {[%clk 0:47:00]} Nxg6
{[%clk 1:04:42]} 23. Nd4 {[%clk 0:41:04]} Be5 {[%clk 1:05:01]} 24. Nc4
{[%clk 0:38:20]} Bxd4 {[%clk 1:05:23]} 25. Bxd4 {[%clk 0:38:36]} Rd8
{[%clk 1:05:46]} 26. Be3 {[%clk 0:38:05]} Rfd7 {[%clk 1:06:10]} 27. g4
{[%clk 0:33:14]} Rd1 {[%clk 1:06:29]} 28. Rxd1 {[%clk 0:33:20]} Rxd1+
{[%clk 1:06:54]} 29. Kg2 {[%clk 0:33:45]} Kg8 {[%clk 1:07:03]} 30. f4
{[%clk 0:33:35]} Rd3 {[%clk 1:06:58]} 31. f5 {[%clk 0:30:36]} Rc3
{[%clk 1:07:12]} 32. fxg6 {[%clk 0:30:38]} Rxc4 {[%clk 1:07:34]} 33. gxh7+
{[%clk 0:30:58]} Kxh7 {[%clk 1:07:55]} 34. Bf2 {[%clk 0:25:30]} Kg6
{[%clk 1:08:10]} 35. Be1 {[%clk 0:25:31]} Rc2+ {[%clk 1:08:08]} 36. Kf3
{[%clk 0:25:02]} Ra2 {[%clk 1:08:30]} 37. h4 {[%clk 0:25:20]} Rxa3+
{[%clk 1:08:51]} 38. Kf4 {[%clk 0:25:48]} a5 {[%clk 1:08:50]} 39. h5+
{[%clk 0:25:51]} Kf7 {[%clk 1:09:13]} 40. bxa5 {[%clk 0:26:07]} bxa5
{[%clk 1:09:35]} 41. g5 {[%clk 0:26:30]} a4 {[%clk 1:09:11]} 42. g6+
{[%clk 0:26:17]} Kg8 {[%clk 1:09:25]} 43. Kg5 {[%clk 0:26:09]} Rb3
{[%clk 1:09:46]} 44. Bf2 {[%clk 0:25:59]} a3 {[%clk 1:10:09]} 45. Bd4
{[%clk 0:26:24]} a2 0-1

[Event "Lasker B 2018"]
[Site "?"]
[Date "2018.07.05"]
[Round "1.9"]
[White "Reinecke, Katharina"]
[Black "Krzyszewski, Dawid"]
[Result "1-0"]
[BlackElo "1356"]
[WhiteElo "1857"]
[LiveChessVersion "1.4.8"]

1. d4 {[%clk 1:30:57]} d5 {[%clk 1:30:28]} 2. c4 {[%clk 1:31:19]} e6
{[%clk 1:30:35]} 3. Nf3 {[%clk 1:31:35]} Nf6 {[%clk 1:30:18]} 4. g3
{[%clk 1:31:44]} b6 {[%clk 1:30:10]} 5. Bg2 {[%clk 1:31:27]} Bb7 {[%clk 1:30:15]}
6. O-O {[%clk 1:31:14]} Nbd7 {[%clk 1:30:27]} 7. cxd5 {[%clk 1:28:34]} exd5
{[%clk 1:30:24]} 8. Bf4 {[%clk 1:26:13]} Be7 {[%clk 1:29:54]} 9. Nc3
{[%clk 1:24:41]} O-O {[%clk 1:29:58]} 10. Rc1 {[%clk 1:20:14]} c5
{[%clk 1:29:48]} 11. b3 {[%clk 1:13:43]} cxd4 {[%clk 1:29:36]} 12. Nxd4
{[%clk 1:13:01]} Bc5 {[%clk 1:29:51]} 13. Ndb5 {[%clk 1:08:19]} a6
{[%clk 1:29:50]} 14. Nc7 {[%clk 1:05:39]} Rc8 {[%clk 1:29:14]} 15. N7xd5
{[%clk 1:03:04]} Bxd5 {[%clk 1:28:52]} 16. Nxd5 {[%clk 1:02:20]} Nxd5
{[%clk 1:28:43]} 17. Qxd5 {[%clk 1:00:16]} Nf6 {[%clk 1:28:54]} 18. Qxd8
{[%clk 1:00:25]} Rfxd8 {[%clk 1:29:11]} 19. Bb7 {[%clk 1:00:12]} Bxf2+
{[%clk 1:28:14]} 20. Kxf2 {[%clk 0:59:21]} Ng4+ {[%clk 1:27:31]} 21. Kg1
{[%clk 0:57:39]} Rxc1 {[%clk 1:27:37]} 22. Rxc1 {[%clk 0:57:36]} h6
{[%clk 1:27:11]} 23. Rc8 {[%clk 0:56:15]} Rxc8 {[%clk 1:27:25]} 24. Bxc8
{[%clk 0:56:40]} Nf6 {[%clk 1:27:46]} 25. Bxa6 {[%clk 0:56:52]} Nd5
{[%clk 1:27:54]} 26. Bc4 {[%clk 0:55:24]} Nc3 {[%clk 1:28:05]} 27. a4
{[%clk 0:54:57]} Kf8 {[%clk 1:28:15]} 28. Be3 {[%clk 0:54:37]} Ke7
{[%clk 1:28:17]} 29. Bxb6 {[%clk 0:54:54]} Kd7 {[%clk 1:28:30]} 30. a5
{[%clk 0:54:36]} Kc6 {[%clk 1:28:43]} 31. Kf2 {[%clk 0:53:27]} Ne4+
{[%clk 1:28:51]} 32. Ke3 {[%clk 0:53:31]} Nd6 {[%clk 1:29:08]} 33. Kd3
{[%clk 0:52:47]} Nxc4 {[%clk 1:29:21]} 34. Kxc4 {[%clk 0:53:05]} Kb7
{[%clk 1:29:13]} 35. b4 {[%clk 0:53:19]} Ka6 {[%clk 1:29:31]} 36. b5+
{[%clk 0:53:40]} Kb7 {[%clk 1:29:51]} 37. Kc5 {[%clk 0:54:04]} h5
{[%clk 1:30:10]} 38. a6+ {[%clk 0:54:29]} Kb8 {[%clk 1:30:31]} 39. Kc6
{[%clk 0:54:28]} g5 {[%clk 1:30:30]} 40. a7+ {[%clk 0:54:43]} Kc8
{[%clk 1:30:53]} 41. a8=Q# 1-0